| 000 | 00861nam a2200313Ia 4500 | ||
|---|---|---|---|
| 003 | OSt | ||
| 005 | 20221006141413.0 | ||
| 006 | a|||||r|||| 00| 0 | ||
| 007 | ta | ||
| 008 | 221006b |||||||| |||| 00| 0 eng d | ||
| 020 |
_c _16.00 (each) |
||
| 024 | _a2,099 | ||
| 037 | _cTextual | ||
| 040 |
_aEASL _cEASL _beng |
||
| 041 |
_2eng _aeng |
||
| 082 | _aV41.N5, L0; | ||
| 100 | _aHSU Immanuel C Y | ||
| 245 | 0 | _aRise of modern China | |
| 260 |
_aNew York _bOxford Univ. Press _c1975 |
||
| 300 |
_a1018p. _ccm. |
||
| 490 | _v TB | ||
| 650 |
_a Boxer Uprising _9645648 |
||
| 650 |
_a Hundred day reform _9645649 |
||
| 650 |
_a Opium War _9645650 |
||
| 650 |
_a Self strengthening _9645651 |
||
| 650 |
_aPolitical and Economic Institutions _9645652 |
||
| 942 |
_hV41.N5, L0; _cTEXL _2CC |
||
| 999 |
_c1070185 _d1070185 |
||